| 000 | 00595cam a22002051 4500 | ||
|---|---|---|---|
| 001 | sa 65004756 | ||
| 003 | DLC | ||
| 005 | 20260227112133.0 | ||
| 008 | 790702s1944 ii 000 0 eng | ||
| 010 | _asa 65004756 | ||
| 035 | _a(OCoLC)5130149 | ||
| 040 |
_aDLC _cMnU _dDLC |
||
| 042 | _apremarc | ||
| 050 | 0 | 0 |
_aPR6031.R23 _bM6 |
| 100 | 1 |
_aPrabhu, J. M. Lobo, _d1906- |
|
| 245 | 1 | 0 |
_aMother of new India _b(Nae Bharat ki mata); a play of the Indian village in 3 acts, _cby J. M. Lobo-Prabhu. |
| 260 |
_aBombay, _bThacker, _c1944. |
||
| 300 |
_a67 p. _c21 cm. |
||
| 740 | 0 | _aNae Bharat ki mata. | |
| 999 |
_c63934 _d63934 |
||